| 000 | 01294nam a2200361 a 4500 | ||
|---|---|---|---|
| 001 | 5140 | ||
| 003 | BD-DhEWU | ||
| 005 | 20190416020001.0 | ||
| 008 | 171112s2011 ohua g b 001 0 eng d | ||
| 020 | _a9780538753098 | ||
| 020 | _a0538753099 | ||
| 035 | _a(OCLC)430053344 | ||
| 040 |
_aBD-DhEWU _dBD-DhEWU _beng _cBD-DhEWU |
||
| 041 | _aeng | ||
| 082 | 0 | 4 |
_a658.4012 _bHIS 2011 |
| 100 | 1 |
_aHitt, Michael A. _921219 |
|
| 245 | 1 | 0 |
_aStrategic management : _bcompetitiveness and globalization : concepts / _cMichael A Hitt, R Duane Ireland and Robert E Hoskisson. |
| 250 | _a9th ed. | ||
| 260 |
_aMason, OH : _bSouth-Western Cengage Learning, _c2011. |
||
| 300 |
_axxii, 402 p. : _bill. ; _c26 cm. |
||
| 504 | _aIncludes bibliographical references and index. | ||
| 526 | _aBA | ||
| 590 | _aSagar Shahanawaz | ||
| 650 |
_aStrategic planning. _921220 |
||
| 650 |
_aIndustrial management. _921221 |
||
| 700 | 1 |
_aIreland, R Duane. _911202 |
|
| 700 | 1 |
_aHoskisson, Robert E. _921222 |
|
| 856 | 4 | 2 |
_3WorldCat details _uhttps://www.worldcat.org/title/strategic-management-competitiveness-globalization-concepts/oclc/430053344&referer=brief_results |
| 856 | 4 | 2 |
_3E-book Fulltext _uhttp://lib.ewubd.edu/ebook/5140 |
| 942 |
_cTEXT _2ddc _022 |
||
| 999 |
_c5140 _d5140 |
||
| 999 |
_c5140 _d5140 |
||
| 999 |
_c5140 _d5140 |
||